[Event "DEM U18w 2025"]
[Site "Willingen GER"]
[Date "2025.06.09"]
[Round "3"]
[White "Czäczine, Laura"]
[Black "Loos, Tilda"]
[Result "0-1"]
[Termination "normal"]
[Board "10"]
[WhiteElo "1903"]
[BlackElo "1779"]
[WhiteClock "00:04:19"]
[BlackClock "01:07:54"]
[PlyCount "128"]
[WhiteFideId "16211448"]
[BlackFideId "34620559"]
[EventCountry "GER"]
[EventRounds "9"]
[EventType "swiss"]
[EventDate "2025.06.07"]

1. e4 {[%clk 01:30:59]} {[%emt 00:00:02]} c5 {[%clk 01:30:56]} {[%emt
00:00:04]} 2. Nf3 {[%clk 01:31:24]} {[%emt 00:00:05]} Nc6 {[%clk 01:31:23]}
{[%emt 00:00:03]} 3. d4 {[%clk 01:31:49]} {[%emt 00:00:05]} cxd4 {[%clk
01:31:48]} {[%emt 00:00:04]} 4. Nxd4 {[%clk 01:32:16]} {[%emt 00:00:04]} Nf6
{[%clk 01:32:12]} {[%emt 00:00:07]} 5. Nc3 {[%clk 01:32:42]} {[%emt 00:00:03]}
e5 {[%clk 01:32:36]} {[%emt 00:00:06]} 6. Ndb5 {[%clk 01:33:01]} {[%emt
00:00:11]} d6 {[%clk 01:32:55]} {[%emt 00:00:11]} 7. Nd5 {[%clk 01:33:14]}
{[%emt 00:00:17]} Nxd5 {[%clk 01:33:17]} {[%emt 00:00:07]} 8. exd5 {[%clk
01:33:38]} {[%emt 00:00:05]} Nb8 {[%clk 01:33:43]} {[%emt 00:00:06]} 9. a4
{[%clk 01:33:44]} {[%emt 00:00:23]} Be7 {[%clk 01:33:29]} {[%emt 00:00:45]} 10.
Be2 {[%clk 01:31:24]} {[%emt 00:02:50]} O-O {[%clk 01:33:45]} {[%emt 00:00:15]}
11. O-O {[%clk 01:31:28]} {[%emt 00:00:25]} a6 {[%clk 01:33:50]} {[%emt
00:00:26]} 12. Na3 {[%clk 01:31:38]} {[%emt 00:00:20]} f5 {[%clk 01:33:06]}
{[%emt 00:01:14]} 13. f4 {[%clk 01:29:48]} {[%emt 00:02:19]} Qc7 {[%clk
01:31:38]} {[%emt 00:01:59]} 14. Nc4 {[%clk 01:24:06]} {[%emt 00:06:11]} Nd7
{[%clk 01:31:08]} {[%emt 00:01:00]} 15. Kh1 {[%clk 01:11:11]} {[%emt 00:13:25]}
Nb6 {[%clk 01:24:08]} {[%emt 00:07:30]} 16. Nxb6 Qxb6 {[%clk 01:24:36]} 17. a5
{[%clk 00:59:47]} {[%emt 00:06:29]} Qc5 {[%clk 01:19:24]} {[%emt 00:05:42]} 18.
Rf3 {[%clk 00:56:32]} {[%emt 00:03:44]} exf4 {[%clk 01:13:44]} {[%emt
00:06:11]} 19. Bxf4 {[%clk 00:54:22]} {[%emt 00:02:40]} Bf6 {[%clk 01:10:32]}
{[%emt 00:03:42]} 20. c3 {[%clk 00:51:52]} {[%emt 00:02:59]} Rd8 {[%clk
01:08:54]} {[%emt 00:02:08]} 21. Be3 {[%clk 00:51:37]} {[%emt 00:00:46]} Qc7
{[%clk 01:07:18]} {[%emt 00:02:07]} 22. Bb6 {[%clk 00:51:59]} {[%emt 00:00:07]}
Qd7 {[%clk 01:06:30]} {[%emt 00:01:18]} 23. Bxd8 {[%clk 00:52:06]} {[%emt
00:00:24]} Qxd8 {[%clk 01:06:48]} {[%emt 00:00:11]} 24. Bd3 {[%clk 00:50:35]}
{[%emt 00:02:01]} g6 {[%clk 01:06:03]} {[%emt 00:01:16]} 25. Qe1 {[%clk
00:42:49]} {[%emt 00:08:15]} Be5 {[%clk 01:02:37]} {[%emt 00:03:56]} 26. Qe3
{[%clk 00:36:32]} {[%emt 00:06:46]} f4 {[%clk 01:00:53]} {[%emt 00:02:14]} 27.
Qb6 {[%clk 00:33:44]} {[%emt 00:03:18]} Qxb6 {[%clk 01:00:34]} {[%emt
00:00:50]} 28. axb6 {[%clk 00:34:08]} {[%emt 00:00:06]} Bg4 {[%clk 01:00:56]}
{[%emt 00:00:07]} 29. Rf2 {[%clk 00:33:41]} {[%emt 00:00:56]} Rf8 {[%clk
01:00:56]} {[%emt 00:00:32]} 30. Raf1 {[%clk 00:31:19]} {[%emt 00:02:50]} Kg7
{[%clk 00:59:47]} {[%emt 00:01:41]} 31. h3 {[%clk 00:30:50]} {[%emt 00:00:59]}
Bd7 {[%clk 00:59:42]} {[%emt 00:00:35]} 32. Ra1 {[%clk 00:19:37]} {[%emt
00:11:43]} g5 {[%clk 00:58:47]} {[%emt 00:01:25]} 33. Be2 {[%clk 00:16:25]}
{[%emt 00:03:41]} Kg6 {[%clk 00:58:00]} {[%emt 00:01:18]} 34. g4 {[%clk
00:12:43]} {[%emt 00:04:10]} h6 {[%clk 00:56:38]} {[%emt 00:01:53]} 35. Bd3+
{[%clk 00:12:21]} {[%emt 00:00:53]} Kg7 {[%clk 00:56:53]} {[%emt 00:00:16]} 36.
c4 {[%clk 00:07:18]} {[%emt 00:05:32]} Bd4 {[%clk 00:55:47]} {[%emt 00:01:35]}
37. Re2 {[%clk 00:06:25]} {[%emt 00:01:23]} Kf6 {[%clk 00:55:30]} {[%emt
00:00:47]} 38. Rc1 {[%clk 00:03:14]} {[%emt 00:03:41]} Bxb6 {[%clk 00:55:31]}
{[%emt 00:00:29]} 39. b4 {[%clk 00:02:38]} {[%emt 00:01:06]} Be3 {[%clk
00:54:11]} {[%emt 00:01:51]} 40. Rf1 {[%clk 00:00:59]} {[%emt 00:02:09]} Kg7
{[%clk 00:53:43]} {[%emt 00:00:57]} 41. Kg2 {[%clk 00:26:56]} {[%emt 00:04:33]}
Rh8 {[%clk 01:21:40]} {[%emt 00:02:34]} 42. Rc2 {[%clk 00:21:42]} {[%emt
00:05:43]} Ba4 {[%clk 01:21:06]} {[%emt 00:01:04]} 43. Rb2 {[%clk 00:20:42]}
{[%emt 00:01:29]} Bd7 {[%clk 01:19:59]} {[%emt 00:01:39]} 44. c5 {[%clk
00:19:59]} {[%emt 00:01:13]} Rd8 {[%clk 01:11:37]} {[%emt 00:08:52]} 45. cxd6
{[%clk 00:15:22]} {[%emt 00:05:07]} Ba4 {[%clk 01:11:31]} {[%emt 00:00:36]} 46.
b5 {[%clk 00:12:43]} {[%emt 00:03:08]} Rxd6 {[%clk 01:10:49]} {[%emt 00:01:13]}
47. bxa6 {[%clk 00:12:10]} {[%emt 00:01:03]} bxa6 {[%clk 01:11:10]} {[%emt
00:00:09]} 48. Rb7+ {[%clk 00:11:54]} {[%emt 00:00:45]} Kf6 {[%clk 01:11:32]}
{[%emt 00:00:10]} 49. Rh7 {[%clk 00:07:32]} {[%emt 00:04:49]} Ke5 {[%clk
01:09:04]} {[%emt 00:03:00]} 50. Bc4 {[%clk 00:06:12]} {[%emt 00:01:48]} Bc2
{[%clk 01:07:36]} {[%emt 00:02:00]} 51. Kh2 {[%clk 00:05:06]} {[%emt 00:01:33]}
Bxh7 {[%clk 01:07:58]} {[%emt 00:00:10]} 52. Ra1 {[%clk 00:05:06]} {[%emt
00:00:27]} Be4 {[%clk 01:07:21]} {[%emt 00:01:10]} 53. Ra5 {[%clk 00:03:39]}
{[%emt 00:01:57]} Rb6 {[%clk 01:06:15]} {[%emt 00:01:36]} 54. h4 {[%clk
00:02:42]} {[%emt 00:01:28]} Rb2+ {[%clk 01:06:16]} {[%emt 00:00:29]} 55. Kh3
{[%clk 00:03:02]} {[%emt 00:00:09]} Bg2+ {[%clk 01:06:26]} {[%emt 00:00:20]}
56. Kh2 {[%clk 00:03:25]} {[%emt 00:00:07]} Bf1+ {[%clk 01:06:46]} {[%emt
00:00:10]} 57. Kh1 {[%clk 00:03:43]} {[%emt 00:00:11]} Bxc4 {[%clk 01:07:09]}
{[%emt 00:00:09]} 58. hxg5 {[%clk 00:03:49]} {[%emt 00:00:24]} Bxd5+ {[%clk
01:07:25]} {[%emt 00:00:13]} 59. Rxd5+ {[%clk 00:04:01]} {[%emt 00:00:18]} Kxd5
{[%clk 01:07:54]} {[%emt 00:00:02]} 60. gxh6 {[%clk 00:04:19]} Rb1+ {[%clk
01:07:54]} 61. Kg2 {[%clk 00:04:19]} Rb6 {[%clk 01:07:54]} 62. g5 {[%clk
00:04:19]} Rg6 {[%clk 01:07:54]} 63. Kh3 {[%clk 00:04:19]} Rxg5 {[%clk
01:07:54]} 64. Kh4 {[%clk 00:04:19]} Rg2 {[%clk 01:07:54]} 0-1

[Event "DEM U18w 2025"]
[Site "Willingen GER"]
[Date "2025.06.09"]
[Round "3"]
[White "Schirmer, Sara"]
[Black "Ottlik, Marie"]
[Result "1/2-1/2"]
[Termination "normal"]
[Board "11"]
[WhiteElo "1630"]
[BlackElo "1744"]
[WhiteClock "00:38:25"]
[BlackClock "00:16:57"]
[PlyCount "92"]
[WhiteFideId "16297580"]
[BlackFideId "16281730"]
[EventCountry "GER"]
[EventRounds "9"]
[EventType "swiss"]
[EventDate "2025.06.07"]

1. d4 {[%clk 01:30:59]} {[%emt 00:00:02]} d5 {[%clk 01:30:52]} {[%emt
00:00:08]} 2. Nf3 {[%clk 01:31:12]} {[%emt 00:00:16]} Nf6 {[%clk 01:30:53]}
{[%emt 00:00:30]} 3. c4 {[%clk 01:31:27]} {[%emt 00:00:15]} e6 {[%clk
01:30:59]} {[%emt 00:00:25]} 4. Nc3 {[%clk 01:31:34]} {[%emt 00:00:22]} h6
{[%clk 01:30:01]} {[%emt 00:01:27]} 5. e3 {[%clk 01:31:56]} {[%emt 00:00:09]}
Be7 {[%clk 01:29:08]} {[%emt 00:01:22]} 6. Be2 {[%clk 01:32:18]} {[%emt
00:00:08]} O-O {[%clk 01:27:20]} {[%emt 00:02:18]} 7. O-O {[%clk 01:32:33]}
{[%emt 00:00:15]} Nbd7 {[%clk 01:24:15]} {[%emt 00:03:36]} 8. Qc2 {[%clk
01:21:25]} {[%emt 00:11:37]} Re8 {[%clk 01:07:11]} {[%emt 00:17:35]} 9. b3
{[%clk 01:18:22]} {[%emt 00:03:33]} Nf8 {[%clk 00:59:51]} {[%emt 00:07:49]} 10.
Bb2 {[%clk 01:18:27]} {[%emt 00:00:25]} b6 {[%clk 00:56:46]} {[%emt 00:03:36]}
11. Rfc1 {[%clk 01:13:32]} {[%emt 00:05:24]} c5 {[%clk 00:49:17]} {[%emt
00:07:59]} 12. cxd5 {[%clk 01:06:44]} {[%emt 00:07:17]} cxd4 {[%clk 00:43:22]}
{[%emt 00:06:27]} 13. Nxd4 {[%clk 01:06:35]} {[%emt 00:00:38]} exd5 {[%clk
00:41:23]} {[%emt 00:02:30]} 14. Nc6 {[%clk 01:03:35]} {[%emt 00:03:29]} Qd7
{[%clk 00:39:10]} {[%emt 00:02:44]} 15. Nb5 {[%clk 00:55:32]} {[%emt 00:08:33]}
Ne6 {[%clk 00:29:19]} {[%emt 00:10:20]} 16. Nxe7+ {[%clk 00:50:30]} {[%emt
00:05:33]} Qxe7 {[%clk 00:26:28]} {[%emt 00:03:21]} 17. Nc7 {[%clk 00:48:17]}
{[%emt 00:02:43]} Nxc7 {[%clk 00:26:50]} {[%emt 00:00:08]} 18. Qxc7 {[%clk
00:48:41]} {[%emt 00:00:05]} Ne4 {[%clk 00:18:18]} {[%emt 00:09:02]} 19. Bb5
{[%clk 00:47:09]} {[%emt 00:02:00]} Qxc7 {[%clk 00:12:04]} {[%emt 00:06:47]}
20. Rxc7 {[%clk 00:46:29]} {[%emt 00:01:09]} Rd8 {[%clk 00:11:09]} {[%emt
00:01:26]} 21. Bc6 {[%clk 00:44:41]} {[%emt 00:02:18]} Rb8 {[%clk 00:11:02]}
{[%emt 00:00:37]} 22. Rxa7 {[%clk 00:34:22]} {[%emt 00:10:48]} b5 {[%clk
00:10:04]} {[%emt 00:01:29]} 23. Be5 {[%clk 00:34:03]} {[%emt 00:00:47]} Rb6
{[%clk 00:05:27]} {[%emt 00:05:08]} 24. Bc7 {[%clk 00:32:06]} {[%emt 00:02:27]}
Rxc6 {[%clk 00:05:12]} {[%emt 00:00:47]} 25. Bxd8 {[%clk 00:32:29]} {[%emt
00:00:05]} Rc2 {[%clk 00:05:26]} {[%emt 00:00:16]} 26. f3 {[%clk 00:32:24]}
{[%emt 00:00:36]} Nc3 {[%clk 00:04:25]} {[%emt 00:01:30]} 27. Bb6 {[%clk
00:29:42]} {[%emt 00:03:13]} Bf5 {[%clk 00:04:27]} {[%emt 00:00:27]} 28. Rc7
{[%clk 00:27:02]} {[%emt 00:03:10]} Bd3 {[%clk 00:03:57]} {[%emt 00:01:00]} 29.
h3 {[%clk 00:26:06]} f6 {[%clk 00:01:39]} {[%emt 00:04:15]} 30. Kh2 {[%clk
00:25:56]} b4 {[%clk 00:01:48]} {[%emt 00:01:01]} 31. Ba5 {[%clk 00:22:25]} Rf2
{[%clk 00:01:42]} {[%emt 00:04:36]} 32. Bxb4 {[%clk 00:17:42]} Nxa2 {[%clk
00:01:34]} {[%emt 00:05:51]} 33. Be1 {[%clk 00:15:45]} Rb2 {[%clk 00:01:50]}
{[%emt 00:02:41]} 34. Ra7 {[%clk 00:15:19]} Bb1 {[%clk 00:01:14]} {[%emt
00:02:02]} 35. R1xa2 {[%clk 00:13:36]} Rxa2 {[%clk 00:00:56]} {[%emt 00:03:01]}
36. Rxa2 {[%clk 00:14:00]} Bxa2 {[%clk 00:01:23]} {[%emt 00:00:10]} 37. b4
{[%clk 00:14:26]} Bc4 {[%clk 00:01:48]} {[%emt 00:00:08]} 38. h4 {[%clk
00:13:56]} h5 {[%clk 00:01:55]} {[%emt 00:01:24]} 39. g4 {[%clk 00:13:58]} hxg4
{[%clk 00:01:07]} {[%emt 00:01:46]} 40. fxg4 {[%clk 00:14:20]} Be2 {[%clk
00:01:26]} {[%emt 00:00:18]} 41. Kg3 {[%clk 00:14:30]} Kf7 {[%clk 00:01:24]}
{[%emt 00:00:52]} 42. Kf4 {[%clk 00:14:30]} g6 {[%clk 00:23:33]} {[%emt
00:08:52]} 43. Bc3 {[%clk 00:39:25]} Ke6 {[%clk 00:20:27]} {[%emt 00:09:10]}
44. Bd4 {[%clk 00:38:53]} Kf7 {[%clk 00:18:23]} {[%emt 00:03:36]} 45. g5 {[%clk
00:38:46]} fxg5+ {[%clk 00:16:41]} {[%emt 00:02:49]} 46. hxg5 {[%clk 00:38:25]}
Ke6 {[%clk 00:16:57]} {[%emt 00:01:05]} 1/2-1/2

[Event "DEM U18w 2025"]
[Site "Willingen GER"]
[Date "2025.06.09"]
[Round "3"]
[White "Busch, Lara Sophie"]
[Black "Margaryan, Sofia"]
[Result "1-0"]
[Termination "normal"]
[Board "12"]
[WhiteElo "1597"]
[BlackElo "1564"]
[WhiteClock "00:22:04"]
[BlackClock "00:00:54"]
[PlyCount "47"]
[WhiteFideId "34664866"]
[BlackFideId "16268229"]
[EventCountry "GER"]
[EventRounds "9"]
[EventType "swiss"]
[EventDate "2025.06.07"]

1. e4 {[%clk 01:30:58]} {[%emt 00:00:02]} c6 {[%clk 01:30:55]} {[%emt
00:00:05]} 2. Nc3 {[%clk 01:31:21]} {[%emt 00:00:07]} d5 {[%clk 01:31:05]}
{[%emt 00:00:19]} 3. Nf3 {[%clk 01:31:45]} {[%emt 00:00:07]} Bg4 {[%clk
01:30:59]} {[%emt 00:00:36]} 4. exd5 {[%clk 01:29:19]} {[%emt 00:02:56]} cxd5
{[%clk 01:29:38]} {[%emt 00:01:52]} 5. h3 {[%clk 01:29:34]} {[%emt 00:00:14]}
Bh5 {[%clk 01:29:22]} {[%emt 00:00:45]} 6. g4 {[%clk 01:29:43]} {[%emt
00:00:22]} Bg6 {[%clk 01:29:29]} {[%emt 00:00:23]} 7. Ne5 {[%clk 01:29:52]}
{[%emt 00:00:21]} Nc6 {[%clk 01:22:15]} {[%emt 00:07:43]} 8. d4 {[%clk
01:27:23]} {[%emt 00:02:59]} e6 {[%clk 01:17:50]} {[%emt 00:04:56]} 9. h4
{[%clk 01:18:18]} {[%emt 00:09:35]} h5 {[%clk 01:10:52]} {[%emt 00:07:28]} 10.
Nxg6 {[%clk 01:14:18]} {[%emt 00:04:30]} fxg6 {[%clk 01:10:47]} {[%emt
00:00:35]} 11. Bd3 {[%clk 01:10:56]} {[%emt 00:03:52]} Nge7 {[%clk 01:04:51]}
{[%emt 00:06:25]} 12. Bg5 {[%clk 01:03:47]} {[%emt 00:07:39]} Qb6 {[%clk
00:50:15]} {[%emt 00:15:06]} 13. Ne2 {[%clk 00:49:48]} {[%emt 00:14:29]} Nb4
{[%clk 00:18:54]} {[%emt 00:31:52]} 14. Bxe7 {[%clk 00:43:52]} {[%emt
00:06:26]} Nxd3+ {[%clk 00:19:08]} {[%emt 00:00:15]} 15. Qxd3 {[%clk 00:39:01]}
{[%emt 00:05:22]} Bxe7 {[%clk 00:13:28]} {[%emt 00:06:09]} 16. Qxg6+ {[%clk
00:37:35]} {[%emt 00:01:57]} Kd7 {[%clk 00:13:46]} {[%emt 00:00:12]} 17. g5
{[%clk 00:30:33]} {[%emt 00:07:31]} Qb4+ {[%clk 00:07:08]} {[%emt 00:07:08]}
18. c3 {[%clk 00:30:08]} {[%emt 00:00:56]} Qxb2 {[%clk 00:01:46]} {[%emt
00:05:52]} 19. Rb1 {[%clk 00:30:22]} {[%emt 00:00:15]} Qxa2 {[%clk 00:02:09]}
{[%emt 00:00:08]} 20. Nf4 {[%clk 00:28:46]} {[%emt 00:02:06]} Qa6 {[%clk
00:01:00]} {[%emt 00:01:39]} 21. Kd2 {[%clk 00:24:24]} {[%emt 00:04:52]} Rac8
{[%clk 00:01:06]} {[%emt 00:00:24]} 22. Rb2 {[%clk 00:22:48]} {[%emt 00:02:06]}
Rhf8 {[%clk 00:01:06]} {[%emt 00:00:30]} 23. Nd3 {[%clk 00:21:54]} {[%emt
00:01:24]} Qc6 {[%clk 00:00:54]} {[%emt 00:00:43]} 24. Ne5+ {[%clk 00:22:04]}
{[%emt 00:00:18]} 1-0

[Event "DEM U18w 2025"]
[Site "Willingen GER"]
[Date "2025.06.09"]
[Round "3"]
[White "Stepanjan, Marianne"]
[Black "Heuberger, Sandra"]
[Result "1-0"]
[Termination "normal"]
[Board "13"]
[WhiteElo "1712"]
[BlackElo "1550"]
[WhiteClock "00:15:11"]
[BlackClock "00:16:38"]
[PlyCount "135"]
[WhiteFideId "16246110"]
[BlackFideId "16232151"]
[EventCountry "GER"]
[EventRounds "9"]
[EventType "swiss"]
[EventDate "2025.06.07"]

1. e4 {[%clk 01:30:59]} e5 {[%clk 01:30:50]} {[%emt 00:00:11]} 2. Nf3 {[%clk
01:31:25]} {[%emt 00:00:05]} Nc6 {[%clk 01:31:11]} {[%emt 00:00:08]} 3. Bb5
{[%clk 01:31:51]} {[%emt 00:00:04]} a6 {[%clk 01:30:56]} {[%emt 00:00:46]} 4.
Ba4 {[%clk 01:32:13]} {[%emt 00:00:07]} Nf6 {[%clk 01:30:45]} {[%emt 00:00:40]}
5. O-O {[%clk 01:32:25]} {[%emt 00:00:18]} Be7 {[%clk 01:30:31]} {[%emt
00:00:44]} 6. Re1 {[%clk 01:32:00]} {[%emt 00:00:56]} b5 {[%clk 01:30:02]}
{[%emt 00:01:00]} 7. Bb3 {[%clk 01:32:22]} {[%emt 00:00:07]} O-O {[%clk
01:29:58]} {[%emt 00:00:33]} 8. h3 {[%clk 01:31:59]} {[%emt 00:00:53]} d6
{[%clk 01:28:37]} {[%emt 00:01:51]} 9. c3 {[%clk 01:32:02]} {[%emt 00:00:27]}
Na5 {[%clk 01:23:10]} {[%emt 00:05:57]} 10. Bc2 {[%clk 01:31:56]} {[%emt
00:00:36]} c5 {[%clk 01:21:43]} {[%emt 00:01:56]} 11. d4 {[%clk 01:31:49]}
{[%emt 00:00:38]} Qc7 {[%clk 01:20:02]} {[%emt 00:02:12]} 12. Nbd2 {[%clk
01:29:31]} {[%emt 00:02:48]} Bd7 {[%clk 01:14:55]} {[%emt 00:05:37]} 13. Nf1
{[%clk 01:22:31]} {[%emt 00:07:30]} Rac8 {[%clk 01:12:47]} {[%emt 00:02:38]}
14. d5 {[%clk 01:18:39]} {[%emt 00:04:22]} Nb7 {[%clk 01:07:35]} {[%emt
00:05:42]} 15. Be3 {[%clk 01:09:20]} {[%emt 00:09:49]} c4 {[%clk 01:06:37]}
{[%emt 00:01:29]} 16. Ng3 {[%clk 00:59:30]} {[%emt 00:10:19]} Nc5 {[%clk
01:05:36]} {[%emt 00:01:31]} 17. Nh2 {[%clk 00:54:44]} {[%emt 00:05:15]} Rfe8
{[%clk 01:02:44]} {[%emt 00:03:21]} 18. f4 {[%clk 00:49:51]} {[%emt 00:05:25]}
exf4 {[%clk 00:59:34]} {[%emt 00:03:40]} 19. Bxf4 {[%clk 00:48:25]} {[%emt
00:01:55]} Bf8 {[%clk 00:55:13]} {[%emt 00:04:51]} 20. Nf3 {[%clk 00:43:07]}
{[%emt 00:05:48]} Qb7 {[%clk 00:41:19]} {[%emt 00:14:25]} 21. Bg5 {[%clk
00:36:23]} {[%emt 00:07:13]} Qb6 {[%clk 00:34:03]} {[%emt 00:07:47]} 22. Bxf6
{[%clk 00:25:26]} {[%emt 00:11:26]} gxf6 {[%clk 00:34:08]} {[%emt 00:00:26]}
23. Kh1 {[%clk 00:25:27]} {[%emt 00:00:28]} Bg7 {[%clk 00:30:28]} {[%emt
00:04:11]} 24. Nh5 {[%clk 00:23:47]} {[%emt 00:02:10]} Re7 {[%clk 00:26:49]}
{[%emt 00:04:09]} 25. Qd4 {[%clk 00:16:19]} {[%emt 00:07:57]} Rce8 {[%clk
00:19:46]} {[%emt 00:07:31]} 26. Nxf6+ {[%clk 00:12:32]} {[%emt 00:04:19]} Bxf6
{[%clk 00:20:05]} {[%emt 00:00:12]} 27. Qxf6 {[%clk 00:12:48]} {[%emt
00:00:14]} Nxe4 {[%clk 00:17:03]} {[%emt 00:03:32]} 28. Bxe4 {[%clk 00:12:10]}
{[%emt 00:01:08]} Rxe4 {[%clk 00:17:18]} {[%emt 00:00:15]} 29. Rxe4 {[%clk
00:12:01]} {[%emt 00:00:39]} Rxe4 {[%clk 00:12:59]} {[%emt 00:04:50]} 30. Ng5
{[%clk 00:12:02]} {[%emt 00:00:28]} Be8 {[%clk 00:12:16]} {[%emt 00:01:12]} 31.
Nxe4 {[%clk 00:12:13]} {[%emt 00:00:19]} Qe3 {[%clk 00:10:35]} {[%emt
00:02:11]} 32. Qg5+ {[%clk 00:11:21]} {[%emt 00:01:22]} Qxg5 {[%clk 00:10:40]}
{[%emt 00:00:25]} 33. Nxg5 {[%clk 00:11:50]} {[%emt 00:00:02]} h6 {[%clk
00:09:27]} {[%emt 00:01:43]} 34. Ne4 {[%clk 00:12:13]} {[%emt 00:00:05]} Kg7
{[%clk 00:09:33]} {[%emt 00:00:25]} 35. Nxd6 {[%clk 00:12:33]} {[%emt
00:00:11]} Bd7 {[%clk 00:09:50]} {[%emt 00:00:13]} 36. Rf1 {[%clk 00:12:37]}
{[%emt 00:00:25]} f6 {[%clk 00:10:14]} {[%emt 00:00:07]} 37. Nf5+ {[%clk
00:12:26]} {[%emt 00:00:41]} Kg6 {[%clk 00:10:33]} {[%emt 00:00:11]} 38. g4
{[%clk 00:12:15]} {[%emt 00:00:41]} a5 {[%clk 00:10:33]} {[%emt 00:00:30]} 39.
d6 {[%clk 00:11:44]} {[%emt 00:01:01]} b4 {[%clk 00:10:40]} {[%emt 00:00:24]}
40. cxb4 {[%clk 00:10:41]} {[%emt 00:01:32]} axb4 {[%clk 00:11:04]} {[%emt
00:00:06]} 41. Rc1 {[%clk 00:10:34]} {[%emt 00:00:37]} h5 {[%clk 00:10:18]}
{[%emt 00:01:16]} 42. Rxc4 {[%clk 00:10:33]} {[%emt 00:00:27]} hxg4 {[%clk
00:10:32]} {[%emt 00:00:19]} 43. hxg4 {[%clk 00:10:57]} {[%emt 00:00:07]} b3
{[%clk 00:10:22]} {[%emt 00:00:41]} 44. axb3 {[%clk 00:11:03]} {[%emt
00:00:23]} Kf7 {[%clk 00:10:36]} {[%emt 00:00:13]} 45. Rc7 {[%clk 00:11:05]}
{[%emt 00:00:29]} Ke6 {[%clk 00:10:56]} {[%emt 00:00:11]} 46. Rxd7 {[%clk
00:10:40]} {[%emt 00:00:56]} Kxd7 {[%clk 00:11:17]} {[%emt 00:00:09]} 47. b4
{[%clk 00:11:05]} {[%emt 00:00:04]} Kc6 {[%clk 00:11:30]} {[%emt 00:00:17]} 48.
b5+ {[%clk 00:11:30]} {[%emt 00:00:05]} Kd7 {[%clk 00:11:36]} {[%emt 00:00:24]}
49. b6 {[%clk 00:11:52]} {[%emt 00:00:09]} Kc6 {[%clk 00:11:59]} {[%emt
00:00:07]} 50. Kg2 {[%clk 00:11:52]} {[%emt 00:00:29]} Kxb6 {[%clk 00:12:21]}
{[%emt 00:00:09]} 51. Kf3 {[%clk 00:12:19]} {[%emt 00:00:02]} Kc6 {[%clk
00:12:35]} {[%emt 00:00:16]} 52. Ke4 {[%clk 00:12:44]} {[%emt 00:00:04]} Kd7
{[%clk 00:12:48]} {[%emt 00:00:18]} 53. Kd5 {[%clk 00:12:57]} {[%emt 00:00:17]}
Kd8 {[%clk 00:13:01]} {[%emt 00:00:17]} 54. Ke6 {[%clk 00:13:17]} {[%emt
00:00:08]} Ke8 {[%clk 00:13:23]} {[%emt 00:00:11]} 55. Kxf6 {[%clk 00:13:26]}
{[%emt 00:00:20]} Kd7 {[%clk 00:13:49]} {[%emt 00:00:05]} 56. g5 {[%clk
00:13:51]} {[%emt 00:00:04]} Ke8 {[%clk 00:13:47]} {[%emt 00:00:32]} 57. Ke6
{[%clk 00:14:12]} {[%emt 00:00:08]} Kd8 {[%clk 00:13:42]} {[%emt 00:00:33]} 58.
d7 {[%clk 00:13:30]} {[%emt 00:01:15]} Kc7 {[%clk 00:14:08]} {[%emt 00:00:05]}
59. Ke7 {[%clk 00:13:57]} {[%emt 00:00:02]} Kc6 {[%clk 00:14:30]} {[%emt
00:00:08]} 60. d8=Q {[%clk 00:14:17]} {[%emt 00:00:10]} Kc5 {[%clk 00:14:51]}
{[%emt 00:00:09]} 61. Qd6+ {[%clk 00:14:31]} {[%emt 00:00:15]} Kc4 {[%clk
00:15:09]} {[%emt 00:00:13]} 62. Ne3+ {[%clk 00:14:36]} {[%emt 00:00:24]} Kb3
{[%clk 00:15:14]} {[%emt 00:00:27]} 63. Qb6+ {[%clk 00:14:45]} {[%emt
00:00:19]} Ka4 {[%clk 00:15:30]} {[%emt 00:00:14]} 64. b3+ {[%clk 00:14:51]}
{[%emt 00:00:26]} Ka3 {[%clk 00:15:52]} {[%emt 00:00:07]} 65. Nc4+ {[%clk
00:15:17]} {[%emt 00:00:05]} Ka2 {[%clk 00:16:11]} {[%emt 00:00:10]} 66. Qb4
{[%clk 00:15:00]} {[%emt 00:00:45]} Kb1 {[%clk 00:16:16]} {[%emt 00:00:25]} 67.
Qc3 {[%clk 00:15:11]} {[%emt 00:00:21]} Ka2 {[%clk 00:16:38]} {[%emt 00:00:09]}
68. Qb2# 1-0